000 00254nam a2200097Ia 4500
001 795501
005 20250826170729.0
008 250824s9999 xx 000 0 und d
245 0 _aKUBBE NİN ALTINDA (U1)
_cSTEPHEN KING
260 _bALTIN KİTAPLAR YAYINLARI
999 _c795501
_d795501